000 00583nam a2200229 a 4500
001 nice12345678
003 IN_TiNIC
005 20260116014038.0
008 050524s2001 cama grp 000 0 eng
020 _a0521729
_c695
082 0 0 _a297.1977
_bBUT1
100 _aButterworth, Charles E
245 _aBetween the State and Islam
260 _aCambridge
_bCambridge University Press
_c2001
300 _a256p
500 _aincludes index and biblioraphy
505 2 _aIndex
650 _aIslam and Politics
902 _bSRS
942 _cBK
999 _c13645
_d13645